Visualizzazione normale
Vista MARC
- Menvielle E., Vitillo R.J., Ramirez M., del Castillo L., Fahim A., Coloni M.J.,
di Personal Name
Records bibliografici associati: 1
001 - CONTROL NUMBER
- control field: 61548
003 - CONTROL NUMBER IDENTIFIER
- control field:
005 - DATE AND TIME OF LATEST TRANSACTION
- control field: 20250218111841.0
008 - FIXED-LENGTH DATA ELEMENTS
- fixed length control field: 250218|| aca||aabn | a|a d
040 ## - CATALOGING SOURCE
- Original cataloging agency:
- Transcribing agency:
100 ## - HEADING--PERSONAL NAME
- Personal name: Menvielle E., Vitillo R.J., Ramirez M., del Castillo L., Fahim A., Coloni M.J.,
- Personal name: Harrington M.T., Miles C., Scheinfeld D., Nunez J.C., Fozzard S., Sebastien M.,
- Personal name: Despois S., Sauret A., Hyland J., De Coulomme Labarthe G
670 ## - SOURCE DATA FOUND
- Source citation: Work cat.: ()221421: Ruegg François (et al.) 61547, L'enfant dans un contexte interculturel, 1992